Los retratos de Bello. Notas históricas sobre las interpretaciones en vida del humanista.
Guardat en:
| Autor principal: | |
|---|---|
| Format: | Llibre |
| Idioma: | anglès |
| Publicat: |
Caracas, Venezuela:
Publicaciones del Banco Central de Venezuela,
1980.
|
| Edició: | Segunda edición. |
| Matèries: | |
| Etiquetes: |
Afegir etiqueta
Sense etiquetes, Sigues el primer a etiquetar aquest registre!
|
MARC
| LEADER | 00000nam a22000007a 4500 | ||
|---|---|---|---|
| 003 | CL-VaPUC | ||
| 005 | 20220822114421.0 | ||
| 008 | 220222t1980 ||||| |||| 00| 0 eng d | ||
| 999 | |c 434466 |d 434464 | ||
| 040 | |c Pontificia Universidad Católica de Valparaíso | ||
| 082 | |a 709.2 GRA 1980 |2 22 | ||
| 100 | |a Grases, Pedro |9 615106 |e autor | ||
| 245 | |a Los retratos de Bello. |b Notas históricas sobre las interpretaciones en vida del humanista. | ||
| 250 | |a Segunda edición. | ||
| 260 | |a Caracas, Venezuela: |b Publicaciones del Banco Central de Venezuela, |c 1980. | ||
| 300 | |a 61 páginas, [2] hojas de láminas : retratos. | ||
| 500 | |a c.1 Donación Familia Prof. Alejandro Guzmán Brito. | ||
| 583 | |c 20220222 |k Yessy Stephany Diaz Vidal | ||
| 600 | 0 | |a Bello, Andrés, |d 1781-1865 |x Retratos |9 545824 | |
| 600 | 0 | |a Bello, Andrés, |d 1781-1865 |x Biografía |9 545824 | |
| 942 | |2 ddc |c BK |n 0 | ||